000 00517nam a22001817a 4500
999 _c179636
_d179636
005 20210625122724.0
010 _aENG-129524
020 _c60.00
_a978-81-7505-495-0
035 _aEN-113056
037 _bDBAD/PUB
082 _aS
100 _aTattwananda,Swami
245 _aUpanishadic stories and their significance/
_cBy Swami Tattwananda
260 _aKolkata
_bSwami shuddhidananda
_c2019
270 _bKolkata
_e700014
_mmail@advaitaashrama.org
300 _a136p;
_c22cm(pbk)
942 _2ddc
_cEN
_hS
_mTAT